000 00681nam a2200229 i 4500
001 91378
003 ES-MaACL
005 20240228183009.0
007 t|
008 050128s1976 sp ||||1| spa d
020 _a84-85137-34-5
080 _a330.85(05)Leviatán(464.1 M.)
245 0 0 _aLeviatán
_b: antología /
_cselección y prólogo, Paul Preston.
260 _aMadrid :
_bTurner,
_c[1976]
300 _aXXIX, 349 p. ;
_c21 cm.
500 _aBiblioteca Juan Andrade.
630 0 7 _aLeviatán (Madrid)
_9122559
700 0 _aPreston, Paul,
_d1946-
_993797
852 _aES-MaACL
_jA-6098
_bR.95113
852 _aES-MaACL
_jAND-368
_bR.109672
999 _c91378
_d91378